00665nam a22001937a 4500003000500000005001700005008004100022010001000063011001000073035001000083040000900093100001800102245010200120260010400222300000900326490005500335650002600390830005500416CHAP20220817041735.0971013s1980 r 00010 d a23051 a24023 a28122 cCHAP00aAwa, Njoku E. aFood production problems of small farmers in low-technology mationsb: some evidence from Nigeria aIthaca, N.Y. :bCornell University. New York State College of Agricultural and Life Sciences,c1980 a16 p aCornell international agriculture mimeographv; 7914aAgriculturaxNigeria.0 aCornell international agriculture mimeographv; 79